| 000 | 00615cam a2200229 a 4500 | ||
|---|---|---|---|
| 001 | 1444834 | ||
| 005 | 20180313052837.0 | ||
| 008 | 850422s1985 ilua b 000 0 eng | ||
| 010 | _a 85071434 | ||
| 020 | _a0870946595 | ||
| 040 |
_aDLC _cDLC _dDLC |
||
| 041 | _aeng | ||
| 043 | _an-us--- | ||
| 080 | _a658.00973 ALB | ||
| 082 | 0 | 0 |
_a658.00973 ALB _219 |
| 100 | 1 | _a54 | |
| 101 | _aLID | ||
| 245 | 1 | 0 |
_aService America! : _cKarl Albrecht and Ron Zemke. |
| 504 | _aBibliography: p. 198-199. | ||
| 906 |
_a7 _bcbc _corignew _d3 _eopcn _f19 _gy-gencatlg |
||
| 942 |
_2ddc _cBK |
||
| 999 |
_c44853 _d44853 |
||